Quizzes
Events
Quiz Creation
Community
Videos
Private Events
Remove Ads
Sign In
Join for FREE
Feedback
Dark Mode
Quiz Categories
Sports
Geography
Music
Movies
Television
Just For Fun
Miscellaneous
History
Literature
Language
Science
Gaming
Entertainment
Religion
Holiday
For Kids
Quiz Lab
Recent
Popular Today
Quiz Kudos Today
Editor Picks
Curator Picks
Quizzes by...
Day
Popularity
Type
Ratings
Length
Year
Community
Subscriptions
Recent Discussions
Orange Saloon
Badges
Playlists
Quests
Create
Leaderboards
Showdown
Live 5
Trivia Bingo
Activity
Puzzle Library
Sporcle Events
Private Events
Virtual Trivia
Globe League
Become a Host
Pub Owners
SporcleCon
Opinionation
Our Games
Videos
Blog
Mobile Apps
Partnerships
Remove Ads and Go Orange
Feedback
Music
Pop Music
The Beatles
Song
Album
Lyrics
Bands
Singers
Artist
Clip
Rock
Rap
Classical
Billboard
Country Music
Kpop
Taylor Swift
Music
Pop Music
The Beatles
Song
Album
Lyrics
Bands
Singers
Artist
Clip
Rock
Rap
Classical
Billboard
Country Music
Kpop
Taylor Swift
Random Quiz
Search Sporcle
×
Quiz Lab
Quiz Lab
Music
Bands
Type in answers that appear in a list
Type in answers that appear in a list
Classic
Best Score? Go Orange.
Band by Bassist Stats
Can you name the Band by Bassist?
By
alex19
10m
40 Questions
273 Plays
273 Plays
273 Plays
Comments
Comments
Give Quiz Kudos
Give Quiz Kudos
-
- Ratings
hide this ad
Random Order
Randomize order of answers
Randomize order of answers
Replay
Link that replays current quiz
Next Quiz
Link to next quiz in quiz playlist
You Got
0%
They Got
Avg Score
36%
Avg Friend Score
Upgrade to see
Score Distribution
Jump to the score distribution portion of the page
Score
0/40
Timer
10:00
0
Plays Today
Bassist
Band
% Correct
Gene Simmons
Kiss
91.2%
John Paul Jones
Led Zeppelin
83.9%
John Entwhistle
The Who
83.9%
Roger Waters
Pink Floyd
77.3%
Krist Novoselic
Nirvana
74.4%
Duff McKagan
Guns n' Roses
66.7%
Mike Dirnt
Green Day
59.7%
Jason Newsted
Metallica
58.6%
Jack Bruce
Cream
56.4%
Adam Clayton
U2
51.6%
John Deacon
Queen
49.8%
John McVie
Fleetwood Mac
44%
D'Arcy
Smashing Pumpkins
40.3%
Jeff Ament
Pearl Jam
37.4%
Paul Simonon
The Clash
37.4%
Kim Gordon
Sonic Youth
36.6%
Kim Deal
The Pixies
36.3%
Colin Greenwood
Radiohead
36.3%
Tina Weymouth
Talking Heads
35.5%
Noel Redding
Jimi Hendrix
34.8%
Bassist
Band
% Correct
Tom Hamilton
Aerosmith
32.2%
Glen Matlock
Sex PIstols
32.2%
Bootsy Collins
Parliament
30.8%
Tom Petty
Traveling Wilburys
29.3%
Cliff Williams
ACDC
27.8%
Paul McGuigan
Oasis
21.2%
Rick Danko
The Band
20.9%
Peter Hook
Joy Division
18.3%
Alex James
Blur
17.9%
Randy Meisner
The Eagles
16.1%
Chris Stein
Blondie
14.7%
Stu Cook
CCR
14.7%
Ron Asheton
The Stooges
14.3%
Nicky Wire
Manic Street Preachers
11.4%
Gary Tallent
Bruce Springsteen
10.6%
James Jamerson
Motown
10.3%
Tom Petersson
Cheap Trick
9.9%
Aston 'Family Man' Barrett
Wailers
7.3%
Bernard Edwards
Chic
5.9%
Dee Murray
Elton John
4%
Quiz Playlist
Details
Report
Send in Message
Add To Playlist
Classic:
Type in answers that appear in a list
Random Order:
Randomize order of answers
Last Updated: Feb 16, 2017
Quiz Scoreboard
CHALLENGE
Sign Up to Join the Scoreboard
Show All
Scores
Hide
Comments
May contain spoilers
Recently Published
Billboard Blitz: Fleetwood Mac
by CooCooCachoo
Music
15s
Presidents Visiting Landmarks
by Hejman
History
7m
An Introduction to Baseball
by treessimontrees
Sports
5m
More to Explore
Quiz From the Vault
Featured Blog Post
Where Did the Easter Bunny Come From?
hide this ad
You Might Also Like...
Tags
Bands Quiz
bassist
Today's Top Quizzes in Music
Browse Music
hide this ad
Today's Top Quizzes in Bands
Browse Bands
Top Contributed Quizzes in Music
1
Taylor Swift All Songs (2024)
2
Guess the Artist- 70s Songs
3
7-to-1: Billboard Hot 100 #1 Hits of 2010s
4
Sorting Albums and Songs
5
Taylor Swift Logic Puzzle
6
KPOP LOGIC QUIZ
7
2010s Album by Cover III
8
One Thing in Common: Music
9
Guess the Taylor Swift song (Mystery Song)
10
Guess The Taylor Swift Lyrics Song #1
Explore More
Trending Topics
Kpop
Anime
Crossword
Marvel
Disney
NBA
Harry Potter
Country
WWE
NFL
Puzzle
The Office
Song
Pokémon
Soccer
hide this ad
More By:
alex19
Quiz
Plays
Rating
Category
Featured
Created
Sopranos Characters
936
3.20
Television
Dec 9, 2009
Philosophers by Works
679
4.89
History
Dec 4, 2009
Manic Street Preachers References
635
3.60
Music
Mar 5, 2010
Obscure Beatles Lyrics
593
3.83
Music
Dec 8, 2009
Best Manic Street Preachers songs
331
1.00
Music
Jan 20, 2010
Go to Creator's Profile
Score Distribution
Quiz Creator Spotlight
alex19
Follow
Send a Message
Quizzes Created
-
Created Quiz Play Count
-
More By This Creator
Popular Quizzes Today
1
Find the US States - No Outlines Minefield
2
Find the Countries of Europe - No Outlines Minefield
3
The Countries of the World
4
Find the US States
5
US States
6
Popular People in 1961
7
Risky Map Clicking: Biggest States A-Z
8
Movies - When Are They Set?
More Music Quizzes
Missing Lyrics: Hotel California
Quiz Lab
Trending Quizzes
Risky Map Clicking: Least Populous States A-Z
1-10 Letter G Words
1-10 Letter F Words
Risky Map Clicking: Next State Alphabetically
Risky Map Clicking: Biggest States A-Z
Recently Updated
Leaping Animals
pecheneg
Reality TV Shows (A-Z)
bhenderson79
Rickey Henderson's Hall of Fame Teammates
pecheneg
Champions League XIs: Arsenal
pecheneg
Quick Pick: Celebrities in WWE's Hall of Fame
aduchscher
A-Z Keypad Blitz II
pecheneg
Multiple Oscar Actors
pecheneg
Mystery Phrase Blitz: Oscar 'Best Actors'
pecheneg
F. Scott Fitzgerald Novels
LTH
Pick 3 Villains
ddd62291
Trending Topics
NBA
Marvel
Kpop
Harry Potter
Crossword
Anime
Disney
Soccer
Puzzle
NFL
Country
The Office
Song
WWE
Pokémon
Your Account Isn't Verified!
In order to create a playlist on Sporcle, you need to verify the email address you used during registration. Go to your
Sporcle Settings
to finish the process.
Report this User
Report this user for behavior that violates our
Community Guidelines
.
Details:
Send Report
Go to the Sporcle.com Mobile Site →
Comments